Govt. of
Madhya Pradesh

रामचन्‍द्र शुक्‍ल प्रतिनिधि संकलन (Record no. 64354)

MARC details
000 -LEADER
fixed length control field 00377nam a22000977a 4500
100 ## - MAIN ENTRY--AUTHOR NAME
Personal name सिंह,नामवर
245 ## - TITLE STATEMENT
Title रामचन्‍द्र शुक्‍ल प्रतिनिधि संकलन
260 ## - PUBLICATION, DISTRIBUTION, ETC. (IMPRINT)
Place of publication दिल्‍ली
Name of publisher नेशनल बुक ट्रस्‍ट
Year of publication 2003
650 ## - SUBJECT ADDED ENTRY--TOPICAL TERM
Topical Term रचनावली
942 ## - ADDED ENTRY ELEMENTS (KOHA)
Koha item type Hindi Books
Holdings
Withdrawn status Lost status Damaged status Not for loan Home library Current library Date acquired Cost, normal purchase price Full call number Accession Number Price effective from Koha item type
        MACL MACL 22/09/2021 40.00 800/NAM CR29428 22/09/2021 Hindi Books